[Event "UKR-ch U20 Girls"]
[Site "Ukraine"]
[Date "2010.??.??"]
[Round "2"]
[White "Kolba, Anastasiya"]
[Black "Ostroverkhova, Elena"]
[Result "1-0"]
[WhiteElo "1970"]
[BlackElo "2100"]
[PlyCount "69"]
[EventDate "2010.??.??"]
[EventType "swiss"]
[EventRounds "11"]
[EventCountry "UKR"]
[SourceTitle "EXT 2012"]
[Source "ChessBase"]
[SourceDate "2011.11.24"]
[SourceVersion "1"]
[SourceVersionDate "2011.11.24"]
[SourceQuality "1"]

1. d4 Nf6 2. c4 e6 3. Nc3 d5 4. cxd5 exd5 5. Bg5 Be7 6. Qc2 c6 7. e3 0-0 8. Bd3 Nbd7 9. Nge2 Re8 10. 0-0-0 b5 11. Ng3 Qa5 12. Kb1 b4 13. Nce2 Ba6 14. Nf5 Bf8 15. Nc1 Bxd3 16. Nxd3 Ne4 17. Bf4 g6 18. Nh6+ Kg7 19. Ng4 Rac8 20. f3 Nd6 21. Bh6+ Kg8 22. Bxf8 Kxf8 23. Nge5 Nxe5 24. Nxe5 Rc7 25. Qf2 f6 26. Nd3 Nf5 27. e4 dxe4 28. fxe4 Rxe4 29. Nc5 Re8 30. g4 Ne3 31. Qxf6+ Rf7 32. Qh8+ Ke7 33. Qe5+ Kf8 34. Nd7+ Rxd7 35. Qxa5 1-0

[Event "UKR-ch U20 Girls"]
[Site "Ukraine"]
[Date "2010.??.??"]
[Round "9"]
[White "Mamedova, Leila"]
[Black "Ostroverkhova, Elena"]
[Result "0-1"]
[WhiteElo "2045"]
[BlackElo "2100"]
[PlyCount "98"]
[EventDate "2010.??.??"]
[EventType "swiss"]
[EventRounds "11"]
[EventCountry "UKR"]
[SourceTitle "EXT 2012"]
[Source "ChessBase"]
[SourceDate "2011.11.24"]
[SourceVersion "1"]
[SourceVersionDate "2011.11.24"]
[SourceQuality "1"]

1. e4 c5 2. c3 d5 3. exd5 Qxd5 4. d4 Nc6 5. Nf3 Bg4 6. Be2 cxd4 7. cxd4 e6 8. Nc3 Bb4 9. 0-0 Qa5 10. Bd2 Nf6 11. a3 Bxc3 12. Bxc3 Qd5 13. Ne5 Bxe2 14. Qxe2 0-0 15. Rfd1 Ne4 16. Nxc6 Qxc6 17. Rac1 Qd5 18. f3 Nf6 19. Bb4 Rfc8 20. Rc5 Qd7 21. Qb5 Qxb5 22. Rxb5 b6 23. Bc3 Nd5 24. Rd3 Rc4 25. Kf2 Rac8 26. Rb3 Kf8 27. g3 Ke7 28. Ke2 Kd6 29. Be1 a5 30. Rd2 a4 31. Rbd3 Rc1 32. Rd1 R8c2+ 33. R3d2 Kc6 34. Rxc2+ Rxc2+ 35. Rd2 Rc1 36. Bf2 Ne7 37. Kd3 Kd5 38. g4 Nc6 39. h4 Rc4 40. Ke2 Nxd4+ 41. Bxd4 Rxd4 42. Rc2 h5 43. Rc7 hxg4 44. Rxf7 gxf3+ 45. Kxf3 Rxh4 46. Rxg7 Rh2 47. Rg4 b5 48. Rb4 Kc5 49. Kg3 Rc2 0-1

[Event "UKR-ch U20 Girls"]
[Site "Ukraine"]
[Date "2010.??.??"]
[Round "11"]
[White "Tsirulnik, Maritsa"]
[Black "Ostroverkhova, Elena"]
[Result "1-0"]
[WhiteElo "2135"]
[BlackElo "2100"]
[PlyCount "99"]
[EventDate "2010.??.??"]
[EventType "swiss"]
[EventRounds "11"]
[EventCountry "UKR"]
[SourceTitle "EXT 2012"]
[Source "ChessBase"]
[SourceDate "2011.11.24"]
[SourceVersion "1"]
[SourceVersionDate "2011.11.24"]
[SourceQuality "1"]

1. d4 Nf6 2. Nf3 g6 3. g3 Bg7 4. Bg2 0-0 5. 0-0 d6 6. c4 Nbd7 7. Qc2 c6 8. Rd1 Re8 9. Nc3 e5 10. e4 exd4 11. Nxd4 a5 12. f3 Nc5 13. Nb3 Nxb3 14. Qxb3 Qe7 15. Bf4 Rd8 16. Rd3 Be6 17. Rad1 Ne8 18. Qa4 b5 19. cxb5 cxb5 20. Qc2 Bc4 21. R3d2 Rac8 22. Qb1 g5 23. Be3 Nc7 24. Bb6 b4 25. Nd5 Bxd5 26. exd5 Re8 27. Bh3 Ra8 28. Bf5 h6 29. Qd3 Na6 30. Bf2 Nc5 31. Qf1 Qf6 32. g4 Qd8 33. Qc4 Na4 34. Qc6 Nxb2 35. Rb1 Re7 36. Rbxb2 Bxb2 37. Rxb2 Rc7 38. Qb5 Rc1+ 39. Kg2 Qf6 40. Qe2 Rc7 41. Rd2 Re7 42. Qd3 Qa1 43. Bd4 Qe1 44. Be4 Rae8 45. Re2 Qc1 46. Bf6 Rc7 47. Bh7+ Kf8 48. Rxe8+ Kxe8 49. Qb5+ Kf8 50. Qb8+ 1-0

[Event "UKR-ch (Women)"]
[Site "Evpatoria"]
[Date "2009.05.27"]
[Round "5"]
[White "Ostroverkhova, Elena"]
[Black "Yushko, Olga"]
[Result "1-0"]
[WhiteElo "2036"]
[BlackElo "2113"]
[PlyCount "81"]
[EventDate "2009.05.23"]
[EventType "swiss"]
[EventRounds "9"]
[EventCountry "UKR"]
[SourceTitle "CBM 130 Extra"]
[Source "ChessBase"]
[SourceDate "2009.07.02"]
[SourceVersion "2"]
[SourceVersionDate "2009.07.15"]
[SourceQuality "1"]

1. d4 e6 2. c4 f5 3. Nc3 Nf6 4. Nf3 Be7 5. g3 0-0 6. Bg2 Ne4 7. Qc2 Nxc3 8. bxc3 d6 9. 0-0 Nd7 10. e4 Nb6 11. exf5 exf5 12. Qe2 Bf6 13. Re1 c5 14. Qd3 Qc7 15. Nd2 Bd7 16. Ba3 Kh8 17. Rac1 Rad8 18. Nb3 Na4 19. Rc2 b5 20. Nd2 Qb6 21. cxb5 cxd4 22. c4 Nc5 23. Bxc5 dxc5 24. f4 Rfe8 25. Nf3 Rxe1+ 26. Nxe1 a6 27. bxa6 Qxa6 28. Bd5 g6 29. Re2 Rb8 30. Nf3 Rb4 31. Ne5 Bxe5 32. Rxe5 Qxa2 33. Re2 Qa1+ 34. Kg2 Qc3 35. Qf3 d3 36. Qe3 Rb2 37. Rxb2 Qxb2+ 38. Kh3 g5 39. Qe7 g4+ 40. Kh4 Qb8 41. Qf6# 1-0

[Event "UKR-ch (Women)"]
[Site "Evpatoria"]
[Date "2009.05.26"]
[Round "4"]
[White "Vasilevich, Tatjana"]
[Black "Ostroverkhova, Elena"]
[Result "1-0"]
[WhiteElo "2399"]
[BlackElo "2036"]
[PlyCount "67"]
[EventDate "2009.05.23"]
[EventType "swiss"]
[EventRounds "9"]
[EventCountry "UKR"]
[SourceTitle "CBM 130 Extra"]
[Source "ChessBase"]
[SourceDate "2009.07.02"]
[SourceVersion "2"]
[SourceVersionDate "2009.07.15"]
[SourceQuality "1"]

1. d4 Nf6 2. c4 c5 3. d5 b5 4. Nf3 g6 5. Qc2 d6 6. e4 Bg7 7. cxb5 a6 8. Nc3 0-0 9. a4 axb5 10. Bxb5 Ba6 11. 0-0 Bxb5 12. Nxb5 Nbd7 13. Bd2 Ne8 14. Bc3 Nc7 15. Bxg7 Kxg7 16. Nxc7 Qxc7 17. b4 Qb8 18. b5 f5 19. Ng5 Kg8 20. Ne6 Rf7 21. f3 Nf8 22. Ng5 Rf6 23. Rfb1 Qb6 24. Qc3 Ra5 25. Re1 Qa7 26. f4 Rxa4 27. b6 Qa6 28. b7 Nd7 29. Rxa4 Qxa4 30. Ra1 Qd4+ 31. Qxd4 cxd4 32. Ne6 fxe4 33. Ra8+ Kf7 34. Rd8 1-0

[Event "Kharkov (Women) 5th"]
[Site "Kharkov"]
[Date "2008.11.01"]
[Round "6"]
[White "Ostroverkhova, Elena"]
[Black "Karlovich, Anastazia"]
[Result "0-1"]
[WhiteElo "2074"]
[BlackElo "2256"]
[PlyCount "70"]
[EventDate "2008.10.27"]
[EventType "tourn"]
[EventRounds "9"]
[EventCountry "UKR"]
[SourceTitle "EXT 2009"]
[Source "ChessBase"]
[SourceDate "2008.11.26"]
[SourceVersion "1"]
[SourceVersionDate "2008.11.26"]
[SourceQuality "1"]

1. d4 d5 2. Nf3 Bf5 3. c4 e6 4. Nc3 c6 5. cxd5 exd5 6. Bf4 Nf6 7. e3 Qb6 8. Qb3 Nbd7 9. h3 Bb4 10. Nd2 0-0 11. Be2 Rfe8 12. 0-0 Bf8 13. Rfc1 h6 14. Na4 Qa5 15. Nc3 Qb6 16. Na4 Qb4 17. Qxb4 Bxb4 18. Nb3 Ne4 19. Bf3 Nd2 20. Nxd2 Bxd2 21. Rd1 Bb4 22. Rac1 Nb6 23. Nxb6 axb6 24. a3 Bf8 25. Bc7 b5 26. Bb6 Ra4 27. Rd2 b4 28. axb4 Bxb4 29. Rdd1 Ra2 30. g4 Bg6 31. Ra1 Rea8 32. Rxa2 Rxa2 33. Kg2 Rxb2 34. Ra1 Bd2 35. Bc5 Bxe3 0-1

[Event "Berezovskoe op-B"]
[Site "Berezovskoe"]
[Date "2008.08.30"]
[Round "9"]
[White "Ostroverkhova, Elena"]
[Black "Karnaukh, Anatolij"]
[Result "1/2-1/2"]
[WhiteElo "2069"]
[BlackElo "2269"]
[PlyCount "154"]
[EventDate "2008.08.25"]
[EventType "swiss"]
[EventRounds "9"]
[EventCountry "UKR"]
[SourceTitle "CBM 126 Extra"]
[Source "ChessBase"]
[SourceDate "2008.11.05"]
[SourceVersion "1"]
[SourceVersionDate "2008.11.05"]
[SourceQuality "1"]

1. d4 d5 2. Nf3 Nf6 3. c4 c6 4. Nc3 g6 5. Bf4 Bg7 6. e3 0-0 7. h3 c5 8. dxc5 Qa5 9. Nd2 dxc4 10. Bxc4 Qxc5 11. Qe2 Nh5 12. Bh2 Bxc3 13. bxc3 Qa3 14. Qd3 Nc6 15. 0-0 Bf5 16. e4 Rad8 17. Qe3 Bc8 18. Be2 Ng7 19. Nc4 Qa4 20. Rfb1 Be6 21. Nd2 Rd7 22. Bb5 Qc2 23. Nb3 Bxb3 24. axb3 Rfd8 25. Bg3 Ne6 26. Bc4 Rd1+ 27. Rxd1 Rxd1+ 28. Rxd1 Qxd1+ 29. Kh2 Qd7 30. Bd5 Ned8 31. b4 a6 32. Qb6 e6 33. Bxc6 Nxc6 34. Bc7 Qd3 35. Qxb7 Qxe4 36. Qxa6 e5 37. Bb6 h5 38. b5 Ne7 39. Be3 Nf5 40. Qc8+ Kg7 41. Qc5 Kf6 42. Qc6+ Qxc6 43. bxc6 Ke7 44. Bc5+ Kd8 45. g4 hxg4 46. hxg4 Ng7 47. Bd6 e4 48. c4 Ne6 49. Kg3 f5 50. Be5 Kc8 51. Bd6 Kd8 52. Kg2 Kc8 53. Kf1 Nd8 54. c7 Nb7 55. c5 Na5 56. Kg2 Nc6 57. Kg3 Nb4 58. gxf5 gxf5 59. Kf4 Nd3+ 60. Ke3 Ne1 61. Bg3 Nd3 62. Bd6 Ne1 63. Kd2 Ng2 64. Kc2 f4 65. Kd1 Kd7 66. Be5 Kc8 67. Bd6 Kd7 68. Ke2 Kc8 69. f3 exf3+ 70. Kxf3 Ne1+ 71. Ke4 f3 72. Bg3 Nc2 73. Kxf3 Nd4+ 74. Ke4 Ne6 75. Kd5 Nxc7+ 76. Bxc7 Kxc7 77. c6 Kc8 1/2-1/2

[Event "Berezovskoe op-B"]
[Site "Berezovskoe"]
[Date "2008.08.27"]
[Round "5"]
[White "Ostroverkhova, Elena"]
[Black "Shamshin, Rudolf"]
[Result "1/2-1/2"]
[WhiteElo "2069"]
[BlackElo "2186"]
[PlyCount "71"]
[EventDate "2008.08.25"]
[EventType "swiss"]
[EventRounds "9"]
[EventCountry "UKR"]
[SourceTitle "CBM 126 Extra"]
[Source "ChessBase"]
[SourceDate "2008.11.05"]
[SourceVersion "1"]
[SourceVersionDate "2008.11.05"]
[SourceQuality "1"]

1. d4 d5 2. Nf3 Nf6 3. c4 e6 4. Nc3 Be7 5. Bf4 0-0 6. e3 c6 7. h3 Nbd7 8. cxd5 Nxd5 9. Nxd5 exd5 10. a3 Re8 11. Bd3 Nf8 12. 0-0 Ng6 13. Bh2 Bd6 14. Bxd6 Qxd6 15. Qc2 Qf6 16. Kh2 a5 17. b3 Nf8 18. Ne5 Qd6 19. Kg1 g6 20. Qd2 c5 21. Nf3 b6 22. Rfd1 Bb7 23. Bb5 Red8 24. a4 Ne6 25. Rac1 Nc7 26. Be2 Ne8 27. Qc3 Rdc8 28. Qb2 h5 29. Rd2 Nf6 30. Rdc2 Ne4 31. Bd3 Nf6 32. Qa3 Nd7 33. Bb5 Bc6 34. Be2 Bb7 35. Bb5 Bc6 36. Be2 1/2-1/2

[Event "Kharkov Rector Cup (Women) 10th"]
[Site "Kharkov"]
[Date "2008.03.04"]
[Round "9"]
[White "Sukandar, Irine Kharisma"]
[Black "Ostroverkhova, Elena"]
[Result "1-0"]
[WhiteElo "2266"]
[BlackElo "2055"]
[PlyCount "79"]
[EventDate "2008.02.27"]
[EventType "tourn"]
[EventRounds "9"]
[EventCountry "UKR"]
[SourceTitle "CBM 123 Extra"]
[Source "ChessBase"]
[SourceDate "2008.05.06"]
[SourceVersion "1"]
[SourceVersionDate "2008.05.06"]
[SourceQuality "1"]

1. e4 c5 2. Nf3 Nc6 3. d4 cxd4 4. Nxd4 e5 5. Nb5 a6 6. Nd6+ Bxd6 7. Qxd6 Qf6 8. Qd1 Qg6 9. Nc3 Nge7 10. Be3 d6 11. Qd2 b5 12. 0-0-0 Be6 13. h4 h5 14. Nd5 Bxd5 15. exd5 Nd8 16. f3 f5 17. Qa5 0-0 18. Bg5 Qf7 19. Qc7 Re8 20. Qxd6 Nc8 21. Qa3 Nb6 22. Be2 Nb7 23. d6 Nd7 24. Qb3 Qxb3 25. axb3 Rac8 26. f4 g6 27. fxe5 Rxe5 28. Bf3 Nbc5 29. Bd5+ Kh7 30. Rhf1 a5 31. Bf4 Re2 32. Rd2 Ree8 33. Kd1 b4 34. Re1 Rxe1+ 35. Kxe1 Nf6 36. Bf3 Re8+ 37. Kd1 Nce4 38. Bxe4 fxe4 39. d7 Rd8 40. Bg5 1-0

[Event "Kharkov Rector Cup (Women) 10th"]
[Site "Kharkov"]
[Date "2008.02.29"]
[Round "4"]
[White "Bulmaga, Irina"]
[Black "Ostroverkhova, Elena"]
[Result "0-1"]
[WhiteElo "2132"]
[BlackElo "2055"]
[PlyCount "196"]
[EventDate "2008.02.27"]
[EventType "tourn"]
[EventRounds "9"]
[EventCountry "UKR"]
[SourceTitle "CBM 123 Extra"]
[Source "ChessBase"]
[SourceDate "2008.05.06"]
[SourceVersion "1"]
[SourceVersionDate "2008.05.06"]
[SourceQuality "1"]

1. e4 c5 2. Nf3 Nc6 3. Bb5 g6 4. 0-0 Bg7 5. Re1 e5 6. Bxc6 bxc6 7. c3 Qb6 8. Na3 Ba6 9. d3 Ne7 10. Nc4 Qc7 11. Qb3 d6 12. Qa3 Bxc4 13. dxc4 0-0 14. Be3 a5 15. b3 h6 16. Qc1 Kh7 17. Nd2 f5 18. exf5 gxf5 19. f4 e4 20. Qc2 Bf6 21. Nf1 Rg8 22. Re2 Rg6 23. Rd1 Rag8 24. Qd2 Bh8 25. a3 Nc8 26. Kh1 Nb6 27. a4 Qe7 28. Ng3 Rf8 29. Qe1 Qf7 30. Rc2 Re6 31. Qg1 h5 32. h3 Qg6 33. Nf1 Bf6 34. Qf2 Qg7 35. Qe1 Qe7 36. Qe2 h4 37. Qh5+ Kg7 38. Qe2 Qf7 39. Qf2 Kg8 40. Rcd2 Be7 41. Rc2 Rg6 42. Rcd2 Kh7 43. Qg1 Rfg8 44. Rc1 Nd7 45. Rcd1 Nf6 46. Rb2 Nh5 47. Rdd2 Qf6 48. Rbc2 Rb8 49. Rb2 Qxc3 50. Rdc2 Qg7 51. Qf2 Bf6 52. Rb1 Rg8 53. Rd1 Be7 54. Bd2 Ng3+ 55. Nxg3 Rxg3 56. Bxa5 Rxb3 57. Be1 Qf7 58. a5 Qh5 59. Ra1 Bf6 60. Rac1 Rgg3 61. Qf1 Rgd3 62. Ra2 Ra3 63. Rxa3 Rxa3 64. Rb1 Bd4 65. Rb7+ Kh6 66. Rb1 Ra4 67. Kh2 Be3 68. Rb3 Bd4 69. Rb1 Ra2 70. Kh1 e3 71. Qd3 Qg6 72. Qf1 Qh5 73. Qd3 Kg6 74. Kh2 Qh6 75. Qf1 Kf6 76. Qf3 Ra4 77. Kh1 Rxc4 78. a6 Ra4 79. Qxc6 Qxf4 80. Bxh4+ Qxh4 81. Qxa4 e2 82. Qe8 Qf2 83. Qd8+ Ke6 84. Qe8+ Kd5 85. Qf7+ Ke5 86. Qe7+ Kd5 87. Qf7+ Ke5 88. Qe7+ Kf4 89. g3+ Kf3 90. Rb3+ Be3 91. Qb7+ Kxg3 92. Qg7+ Kf3 93. Rxe3+ Kxe3 94. Qc3+ Kf4 95. Qd2+ Ke5 96. Qc3+ Ke6 97. Qb3+ Kf6 98. Qb2+ Kg6 0-1

[Event "Rodatychi op"]
[Site "Rodatychi"]
[Date "2006.08.31"]
[Round "7"]
[White "Ipatov, Alexander"]
[Black "Ostroverkhova, Elena"]
[Result "1-0"]
[WhiteElo "2178"]
[BlackElo "2046"]
[PlyCount "107"]
[EventDate "2006.08.27"]
[EventType "swiss"]
[EventRounds "9"]
[EventCountry "UKR"]
[SourceTitle "EXT 2008"]
[Source "ChessBase"]
[SourceDate "2007.11.25"]
[SourceVersion "1"]
[SourceVersionDate "2007.11.25"]
[SourceQuality "1"]

1. d4 d5 2. c4 e6 3. Nc3 Nf6 4. Bg5 Be7 5. e3 c6 6. cxd5 exd5 7. Bd3 0-0 8. Qc2 Nbd7 9. Nge2 Re8 10. 0-0 Nf8 11. f3 g6 12. Rad1 Ne6 13. Bh4 Ng7 14. Bf2 Bd6 15. Kh1 Bc7 16. Bg1 Bf5 17. e4 dxe4 18. fxe4 Bg4 19. Qb3 Rb8 20. Bc4 Bxe2 21. Bxe2 Qe7 22. Bc4 b5 23. Bxf7+ Qxf7 24. Rxf6 Qxb3 25. axb3 b4 26. Na4 Rxe4 27. Rxc6 Bf4 28. g3 Be3 29. Nc5 Re7 30. Bxe3 Rxe3 31. d5 Rd8 32. d6 Ne6 33. d7 Nxc5 34. Rxc5 Kf8 35. Ra5 Rxb3 36. Rd2 Ke7 37. Rxa7 Re3 38. Rb7 Re4 39. Kg2 g5 40. Kf3 Rc4 41. Ke3 g4 42. Rd4 Rc2 43. Rdxb4 Rxh2 44. Rxg4 h5 45. Rh4 Rg2 46. Kf3 Rg1 47. Kf2 Rd1 48. Rxh5 Rf8+ 49. Ke2 Rdf1 50. d8Q+ Kxd8 51. Rb8+ Ke7 52. Rxf8 Rxf8 53. b4 Rb8 54. b5 1-0

[Event "UKR-ch sf (Women)"]
[Site "Evpatoria"]
[Date "2006.04.04"]
[Round "7"]
[White "Novikova, Margarita"]
[Black "Ostroverkhova, Elena"]
[Result "1-0"]
[WhiteElo "2084"]
[BlackElo "2059"]
[PlyCount "87"]
[EventDate "2006.03.29"]
[EventType "swiss"]
[EventRounds "9"]
[EventCountry "UKR"]
[SourceTitle "EXT 2023"]
[Source "ChessBase"]
[SourceDate "2022.10.05"]
[SourceVersion "1"]
[SourceVersionDate "2022.10.05"]
[SourceQuality "1"]

1. d4 Nf6 2. c4 e6 3. Nf3 d5 4. Bg5 Be7 5. e3 0-0 6. Nc3 c6 7. Rb1 Nbd7 8. cxd5 exd5 9. Bd3 Ne4 10. Bxe7 Qxe7 11. 0-0 f5 12. Qc2 Rf6 13. b4 a6 14. a4 Rh6 15. b5 axb5 16. axb5 g5 17. bxc6 bxc6 18. Ra1 Rxa1 19. Rxa1 Nxc3 20. Qxc3 g4 21. Nd2 Nf8 22. Ra8 Qb7 23. Qa3 Rf6 24. Ra7 Qb8 25. Qe7 Bd7 26. Rxd7 Nxd7 27. Qxd7 Qf8 28. Nf1 Qf7 29. Qxf7+ Rxf7 30. Ng3 f4 31. Nf5 Rf6 32. exf4 Kf7 33. g3 Ke6 34. Ne3 h5 35. Bg6 c5 36. Bxh5 cxd4 37. Bxg4+ Kd6 38. Nd1 Kc5 39. Nb2 Kb4 40. Nd3+ Kc3 41. Be2 Kd2 42. Bf1 Ra6 43. h4 Ra1 44. Nc5 1-0

[Event "UKR-ch U16 Girls"]
[Site "Kiev"]
[Date "2006.02.26"]
[Round "11"]
[White "Gordiyenko, Anna"]
[Black "Ostroverkhova, Elena"]
[Result "1/2-1/2"]
[WhiteElo "2108"]
[BlackElo "2160"]
[PlyCount "147"]
[EventDate "2006.02.16"]
[EventType "tourn"]
[EventRounds "11"]
[EventCountry "UKR"]
[SourceTitle "EXT 2023"]
[Source "ChessBase"]
[SourceDate "2022.10.05"]
[SourceVersion "1"]
[SourceVersionDate "2022.10.05"]
[SourceQuality "1"]

1. d4 Nf6 2. Nf3 e6 3. e3 d5 4. Bd3 c5 5. c3 Nc6 6. Nbd2 cxd4 7. exd4 Bd6 8. 0-0 0-0 9. Re1 Qc7 10. Nf1 e5 11. dxe5 Nxe5 12. Nxe5 Bxe5 13. Qe2 Re8 14. Bf4 Ng4 15. Qc2 g6 16. h3 Bd7 17. Bg5 Bf6 18. Bxf6 Nxf6 19. Nd2 Qf4 20. Nb3 Ba4 21. Qd2 Qxd2 22. Nxd2 Nd7 23. Nf3 Nc5 24. Bf1 Ne6 25. Re5 Rad8 26. Rae1 Kg7 27. h4 h6 28. g4 Bc6 29. Bg2 Nf4 30. Rxe8 Rxe8 31. Rxe8 Bxe8 32. Nd4 Kf6 33. Kh2 Ke5 34. Kg3 Nd3 35. b4 Nc1 36. f4+ Kd6 37. a3 Na2 38. Ne2 Bb5 39. Nd4 Nxc3 40. Kf2 Bd7 41. g5 hxg5 42. hxg5 Nb1 43. Nc2 Bf5 44. Ne3 Be6 45. Nc2 Nc3 46. Ke3 Nb5 47. a4 Nc3 48. a5 Bd7 49. Kd4 Nb5+ 50. Ke3 Nc7 51. Kd4 Ne6+ 52. Ke3 Ng7 53. Nd4 a6 54. Bf3 Ne8 55. Nb3 Nc7 56. Nc5 Bc6 57. Nb3 Bd7 58. Nd4 Ne8 59. Nc2 Bc6 60. Nd4 Bd7 61. Nc2 Ng7 62. Nd4 Ne8 63. Nc2 f6 64. gxf6 Nxf6 65. Kd4 Be6 66. Ne3 Bf7 67. Bh1 Bg8 68. Bf3 Kc6 69. Ke5 Nd7+ 70. Kd4 Nf6 71. Ke5 Nd7+ 72. Kd4 Nf6 73. Ke5 Nd7+ 74. Kd4 1/2-1/2

[Event "UKR-ch U16 Girls"]
[Site "Kiev"]
[Date "2006.02.23"]
[Round "8"]
[White "Malinovskaja, Maria"]
[Black "Ostroverkhova, Elena"]
[Result "0-1"]
[WhiteElo "1990"]
[BlackElo "2160"]
[PlyCount "72"]
[EventDate "2006.02.16"]
[EventType "tourn"]
[EventRounds "11"]
[EventCountry "UKR"]
[SourceTitle "EXT 2023"]
[Source "ChessBase"]
[SourceDate "2022.10.05"]
[SourceVersion "1"]
[SourceVersionDate "2022.10.05"]
[SourceQuality "1"]

1. c4 c5 2. Nc3 Nc6 3. Nf3 g6 4. b3 Bg7 5. Bb2 e6 6. e3 Nge7 7. d4 cxd4 8. exd4 d5 9. c5 0-0 10. Be2 b6 11. 0-0 bxc5 12. dxc5 Qa5 13. Na4 Bxb2 14. Nxb2 Qxc5 15. Nd3 Qd6 16. Rc1 Ba6 17. h4 Bxd3 18. Bxd3 e5 19. h5 Rad8 20. Ng5 f6 21. Nh3 e4 22. Bb1 f5 23. hxg6 hxg6 24. Qd2 Ne5 25. Rfd1 d4 26. Qa5 Ng4 27. g3 e3 28. Qc7 Qxc7 29. Rxc7 Nd5 30. Rxa7 Nc3 31. Re1 Nxb1 32. Rxb1 e2 33. f3 d3 34. Nf4 Rfe8 35. Nxe2 dxe2 36. fxg4 Rd1+ 0-1

[Event "UKR-ch U16 Girls"]
[Site "Kiev"]
[Date "2006.02.18"]
[Round "3"]
[White "Ostroverkhova, Elena"]
[Black "Bodrova, Nadezhda"]
[Result "1-0"]
[WhiteElo "2160"]
[BlackElo "2053"]
[PlyCount "81"]
[EventDate "2006.02.16"]
[EventType "tourn"]
[EventRounds "11"]
[EventCountry "UKR"]
[SourceTitle "EXT 2023"]
[Source "ChessBase"]
[SourceDate "2022.10.05"]
[SourceVersion "1"]
[SourceVersionDate "2022.10.05"]
[SourceQuality "1"]

1. d4 Nf6 2. Nf3 g6 3. c4 Bg7 4. Nc3 d5 5. Bf4 c5 6. dxc5 Qa5 7. cxd5 Nxd5 8. Qxd5 Bxc3+ 9. Bd2 Bxd2+ 10. Qxd2 Qxc5 11. Rc1 Qf5 12. Nd4 Qd7 13. Qc3 0-0 14. e3 Rd8 15. Be2 Qe8 16. 0-0 Bd7 17. Bf3 Nc6 18. Nb3 Rac8 19. Nc5 Rc7 20. b4 Rdc8 21. Rfd1 a6 22. Qd2 Bf5 23. g4 Be6 24. Qb2 Bd7 25. h3 h6 26. a3 Nd8 27. Qe5 Bc6 28. Bxc6 Nxc6 29. Qf4 Kg7 30. Rd2 e5 31. Qe4 Rd8 32. Rxd8 Qxd8 33. Nxb7 Rxb7 34. Rxc6 Qe7 35. Rxa6 Rc7 36. Ra5 f6 37. Rd5 Rc1+ 38. Kg2 Ra1 39. Qd3 Qb7 40. e4 Kf8 41. Rd8+ 1-0

[Event "UKR-ch sf (Women)"]
[Site "Alushta"]
[Date "2005.05.24"]
[Round "9"]
[White "Ostroverkhova, Elena"]
[Black "Alexanian, Nelli"]
[Result "1-0"]
[WhiteElo "2074"]
[BlackElo "2211"]
[PlyCount "79"]
[EventDate "2005.05.16"]
[EventType "swiss"]
[EventRounds "9"]
[EventCountry "UKR"]
[SourceTitle "CBM 106 Extra"]
[Source "ChessBase"]
[SourceDate "2005.07.01"]
[SourceVersion "1"]
[SourceVersionDate "2005.07.01"]
[SourceQuality "1"]

1. d4 Nf6 2. Nf3 c5 3. d5 b5 4. c4 e6 5. dxe6 fxe6 6. Nc3 b4 7. Nb5 d5 8. Bf4 Na6 9. Qa4 Kf7 10. Ng5+ Kg8 11. Nxe6 Qe8 12. Nxf8 Kxf8 13. cxd5 Nxd5 14. Bd6+ Kg8 15. e3 Nxe3 16. fxe3 Qxe3+ 17. Be2 Bg4 18. Qb3+ Qxb3 19. axb3 Re8 20. 0-0 Bxe2 21. Rae1 h6 22. Nxa7 Kh7 23. Rf2 Bd3 24. Rd1 c4 25. bxc4 Bxc4 26. Rf4 Be2 27. Re1 Re6 28. Bxb4 Rhe8 29. Bc3 R8e7 30. Rf2 Bc4 31. Rxe6 Rxe6 32. Rf7 Rg6 33. Re7 Bd5 34. g3 Bb3 35. Nc6 Nc5 36. Nd4 Ba2 37. b4 Na4 38. Ba1 Rd6 39. Ra7 Bc4 40. Rxa4 1-0